The snow angel / (Record no. 474)

MARC details
000 -LEADER
fixed length control field 01065cam a22002893a 4500
005 - DATE AND TIME OF LATEST TRANSACTION
control field 20230425161953.0
020 ## - INTERNATIONAL STANDARD BOOK NUMBER
International Standard Book Number 0816741190 (pbk.)
040 ## - CATALOGING SOURCE
Original cataloging agency GZX
Transcribing agency GZX
Modifying agency OCL
-- DLC
050 00 - LIBRARY OF CONGRESS CALL NUMBER
Classification number CPB Box no. 408 vol. 16
082 ## - DEWEY DECIMAL CLASSIFICATION NUMBER
Classification number 813.6
100 1# - MAIN ENTRY--PERSONAL NAME
Personal name Weyn, Suzanne.
245 14 - TITLE STATEMENT
Title The snow angel /
Statement of responsibility, etc. Suzanne Weyn.
260 ## - PUBLICATION, DISTRIBUTION, ETC.
Place of publication, distribution, etc. [S.l.] :
Name of publisher, distributor, etc. Troll,
Date of publication, distribution, etc. 1997.
300 ## - PHYSICAL DESCRIPTION
Extent 206 pages :
Dimensions 20 cm.
490 1# - SERIES STATEMENT
Series statement Forever angels
505 ## - FORMATTED CONTENTS NOTE
Formatted contents note K
520 ## - SUMMARY, ETC.
Summary, etc. Molly and her friends have made a snow angel in the woods that is so beautiful, people are coming from miles around to see it. When a strange boy comes to live with Molly's family following his tragic riding accident, Molly wants to find a way to reach him. Can an angel help her break through his silence?
521 ## - TARGET AUDIENCE NOTE
Target audience note 560 <br/>
Source Lexile
521 ## - TARGET AUDIENCE NOTE
Target audience note K <br/>
Source Raz-Plus
650 #0 - SUBJECT ADDED ENTRY--TOPICAL TERM
Topical term or geographic name entry element Angels
Form subdivision Fiction.
650 #0 - SUBJECT ADDED ENTRY--TOPICAL TERM
Topical term or geographic name entry element Friendship
Form subdivision Fiction.
655 #7 - INDEX TERM--GENRE/FORM
Genre/form data or focus term Children's stories.
Source of term lcsh
906 ## - LOCAL DATA ELEMENT F, LDF (RLIN)
a 7
b cbc
c copycat
d 2
e ncip
f 19
g y-genrareb
942 ## - ADDED ENTRY ELEMENTS (KOHA)
Source of classification or shelving scheme Dewey Decimal Classification
Koha item type Books
Suppress in OPAC No
999 ## -
-- 474
-- 474
Holdings
Withdrawn status Lost status Source of classification or shelving scheme Damaged status Not for loan Collection Home library Current library Shelving location Date acquired Total Checkouts Full call number Barcode Date last seen Date last checked out Copy number Price effective from Koha item type
    Library of Congress Classification     Juvenile Fiction Footprints International School Library Network Toul Kork Campus Footprints International School Library Network Toul Kork Campus TK Primary Library Room(4th Floor), Bookcase 3&4, Shelves 17-32, Yellow Books 04/25/2023 1 WEY 813.6 PZ7 FISTK00522 10/05/2023 09/28/2023 1 04/25/2023 Books
    Library of Congress Classification     Juvenile Fiction Footprints International School Library Network Toul Kork Campus Footprints International School Library Network Toul Kork Campus   01/11/2024 1 WEY 813.6 PZ7 FIS02799 04/24/2025 04/10/2025 2 04/25/2023 Books